Oral Anatomy Histology & Embryology/ (Record no. 37156)

MARC details
000 -LEADER
fixed length control field 00519nam a22002057a 4500
005 - DATE AND TIME OF LATEST TRANSACTION
control field 20260504120829.0
008 - FIXED-LENGTH DATA ELEMENTS--GENERAL INFORMATION
fixed length control field 260430b |||||||| |||| 00| 0 eng d
020 ## - INTERNATIONAL STANDARD BOOK NUMBER
ISBN 9780723438120
082 ## - DEWEY DECIMAL CLASSIFICATION NUMBER
Classification number 611.31
Item number BER-O
100 ## - MAIN ENTRY--AUTHOR
Author Name Berkovitz; B.K.B
245 ## - TITLE STATEMENT
Title Oral Anatomy Histology & Embryology/
250 ## - EDITION STATEMENT
Edition statement 5th.ed
260 ## - PUBLICATION, DISTRIBUTION, ETC.
Place of Publication China:
Name of publisher, distributor, etc. Elsevier;
Date of publication, distribution, etc. 2018.
300 ## - PHYSICAL DESCRIPTION
Pages 462p.
500 ## - GENERAL NOTE
General note include index.
650 ## - SUBJECT ADDED ENTRY--TOPICAL TERM
Subject / Department Medical / Dentistry
700 ## - ADDED ENTRY--PERSONAL NAME
Personal name Holland; G.R.
700 ## - ADDED ENTRY--PERSONAL NAME
Personal name Moxham; B.J.
952 ## - LOCATION AND ITEM INFORMATION (KOHA)
-- 0
-- 0
952 ## - LOCATION AND ITEM INFORMATION (KOHA)
-- 0
-- 0
Holdings
Lost status Damaged status Collection code Permanent Location Current Location Shelving Location Date acquired Full Call Number Accession No./Barcode Date last seen Copy number item type Koha item type
    Medical Superior Information Resource Center (SIRC) Superior University- Central Library Superior Information Resource Center (SIRC) Superior University- Central Library Dentistry(D-L) 04/30/2026 611.31 BER-O 2018 29895 04/30/2026 1 BOOK BOOK
    Medical Superior Information Resource Center (SIRC) Superior University- Central Library Superior Information Resource Center (SIRC) Superior University- Central Library Dentistry(D-L) 04/30/2026 611.31 BER-O 2018 29896 04/30/2026 2 BOOK BOOK

Powered by Koha